|
|
|
|
| LEADER |
00000cam a2200000 a 4500 |
| 001 |
vtls001073897 |
| 003 |
SK-MaSNL |
| 005 |
20260301102819.0 |
| 008 |
240226s1993 xo o frnf 000 0 slo |
| 015 |
|
|
|a SNBA1993
|
| 020 |
|
|
|a 8085185539
|q (brožované)
|
| 035 |
|
|
|a SNK000016729
|
| 040 |
|
|
|a SNK
|b slo
|c SNK
|e AACR2
|
| 041 |
0 |
|
|a slo
|
| 044 |
|
|
|a xo
|c SK
|
| 072 |
|
7 |
|a 17
|x Etika. Morálna filozofia
|2 konspekt
|
| 080 |
|
|
|a 17
|2 2011
|
| 080 |
|
|
|a (072)
|2 2011
|
| 100 |
1 |
|
|a Lencz, Ladislav,
|d 1927-
|4 aut
|9 87737
|
| 245 |
1 |
0 |
|a Metódy etickej výchovy
|c Ladislav Lencz
|
| 250 |
|
|
|a 1. vyd.
|
| 260 |
|
|
|a Bratislava
|b Metodické centrum
|c 1993
|e Bratislava
|f SATOR, s r.o.
|
| 300 |
|
|
|a 83 s.
|b schémy, tabuľky
|c 21 cm
|
| 366 |
|
|
|e 5000 výtl.
|
| 504 |
|
|
|a Obsahuje bibliografické odkazy
|
| 650 |
0 |
7 |
|a etika
|2 SNKPH
|9 792
|
| 650 |
0 |
7 |
|a Ethics
|2 SNKPHeng
|9 265831
|
| 650 |
0 |
7 |
|a Didactics
|2 SNKPHeng
|9 266044
|
| 650 |
0 |
7 |
|a didaktika
|2 SNKPH
|9 3484
|
| 655 |
|
7 |
|a metodické príručky
|2 SNKPH
|9 70250
|
| 655 |
|
7 |
|a Methodological manuals
|2 SNKPHeng
|9 270866
|
| 919 |
|
|
|a 80-85185-53-9
|
| 954 |
|
|
|a odborná, vedecká literatúra pôvodná (slovenská)
|2 lita
|
| 958 |
|
|
|a OND
|
| 958 |
|
|
|a TL
|
| 958 |
|
|
|a NB
|
| 999 |
|
|
|c 693191
|d 695121
|
| 952 |
|
|
|a SNK
|b SNK
|y VYP
|7 0
|p 17A0039572
|o snkSC 85019 D1
|i snkKSP 598/94
|0 0
|1 0
|4 0
|d 1997-02-21
|l 0
|r 2004-12-31 00:00:00
|w 2026-02-23
|
| 952 |
|
|
|a SNK
|b SNK
|y PREZ
|7 0
|p 17A0142553
|o snkSC 85019
|i snkKSP 597/94
|0 0
|1 0
|4 0
|d 1998-05-21
|f 1
|l 0
|r 2025-08-27 00:00:00
|w 2026-02-23
|